000 00708nam a2200229 i 4500
001 bgj
245 1 0 _aHeinrich Mann :
_bsein Werk in der Weimarer Republik ; Zweites Internationales Symposion, Lübeck 1981 /
_chrsg. von Helmut Koopmann und Peter-Paul Schneider.
246 1 _aDas |Jahr 1931.
260 _aFrankfurt am Main :
_bVittorio Klostermann,
_c1981.
300 _aS. [245]-261 ;
_c24 cm.
505 _aSonderdruck
650 9 _aLiteratura niemiecka
700 1 _aKOOPMANN, Helmut.
700 1 _aSCHNEIDER, Peter-Paul.
700 1 _aBANULS, Andre.
040 _cBPK
041 0 _ager
044 _aDEU
080 _a821.112.2
942 _cKS
008 s gw f |000 0 ger
999 _c49948
_d49948
856 _uhttp://koha.tu.koszalin.pl/cgi-bin/koha/opac-detail.pl?biblionumber=49948
_yKatalog online BPK